Too safe for their own good (Record no. 81273)
[ view plain ]
| 000 -LEADER | |
|---|---|
| fixed length control field | 01301nam a2200349Ia 4500 |
| 100 1# - MAIN ENTRY--AUTHOR NAME | |
| Personal name | Lindon, Jennie. |
| 245 10 - TITLE STATEMENT | |
| Title | Too safe for their own good |
| 250 ## - EDITION STATEMENT | |
| Edition statement | 2nd ed. |
| 260 ## - PUBLICATION, DISTRIBUTION, ETC. (IMPRINT) | |
| Place of publication | London : |
| Name of publisher | National Childrens Bureau, |
| Year of publication | 2011. |
| 300 ## - PHYSICAL DESCRIPTION | |
| Number of Pages | iv, 82 p. |
| 650 #0 - SUBJECT ADDED ENTRY--TOPICAL TERM | |
| Topical Term | Risk perception. |
| Topical Term | Life skills. |
| Topical Term | Accidents |
| Topical Term | Risk-taking (Psychology) in children. |
| Topical Term | Child welfare. |
| 856 40 - ELECTRONIC LOCATION AND ACCESS | |
| Uniform Resource Identifier | http://site.ebrary.com/lib/rucke/Doc?id=10570535 |
No items available.
